[Event "26th WSCC 2016 Open 65+"]
[Site "Marianske Lazne, Czech Republic - Hotel Cristal and Continental"]
[Date "2016.11.27"]
[Round "8.129"]
[White "Dvorak, Pavel"]
[Black "Zelenka, Pavel"]
[Result "0-1"]
[WhiteElo "1753"]
[BlackElo "1563"]
[PlyCount "86"]
[EventDate "2016.11.19"]

1. Nf3 g6 2. g3 Bg7 3. Bg2 c5 4. O-O Nc6 5. d3 Nf6 6. Nbd2 O-O 7. e4 d6 8. Nc4
Ng4 9. Rb1 Nge5 10. Ncxe5 Nxe5 11. Nxe5 dxe5 12. Be3 Qc7 13. Qe2 b6 14. f4 e6
15. f5 f6 16. g4 g5 17. Bf3 Bd7 18. Kg2 Rf7 19. Rh1 Kf8 20. b4 Kg8 21. bxc5
bxc5 22. Rb2 Rb8 23. Rhb1 Rff8 24. Rxb8 Rxb8 25. Rxb8+ Qxb8 26. Bxc5 a5 27. c4
a4 28. Qc2 Bf8 29. Bxf8 Kxf8 30. Bd1 Qb4 31. c5 a3 32. Kf1 Bc6 33. Kg2 exf5 34.
gxf5 Qb2 35. Kf1 Qxc2 36. Bxc2 Ke7 37. Ke1 Bb5 38. Ke2 Kd7 39. Ke3 Kc6 40. d4
Bc4 41. Ba4+ Kc7 42. d5 Bxa2 43. Kd2 Bxd5 0-1

[Event "26th WSCC 2016 Open 65+"]
[Site "Marianske Lazne, Czech Republic - Hotel Cristal and Continental"]
[Date "2016.11.27"]
[Round "8.131"]
[White "Schramek, Kurt"]
[Black "Kympergr, Vojtech"]
[Result "1-0"]
[WhiteElo "1602"]
[BlackElo "1506"]
[PlyCount "50"]
[EventDate "2016.11.19"]

1. d4 Nf6 2. Bf4 g6 3. Nc3 Bg7 4. Qd2 d6 5. Bh6 O-O 6. Bxg7 Kxg7 7. e4 Nc6 8.
O-O-O e5 9. dxe5 Nxe5 10. h3 h5 11. f4 Nc6 12. Nf3 Qe7 13. Re1 Nh7 14. Nd5 Qd8
15. Bd3 Be6 16. c4 Bxd5 17. exd5 Ne7 18. g4 Nf6 19. Qc3 Neg8 20. g5 Kh7 21.
gxf6 Nxf6 22. f5 Rg8 23. fxg6+ fxg6 24. Ng5+ Kg7 25. Ne6+ Kh7 1-0

[Event "26th WSCC 2016 Open 65+"]
[Site "Marianske Lazne, Czech Republic - Hotel Cristal and Continental"]
[Date "2016.11.28"]
[Round "9.1"]
[White "Vaisser, Anatoly"]
[Black "Pushkov, Nikolai"]
[Result "1-0"]
[WhiteElo "2505"]
[BlackElo "2325"]
[PlyCount "153"]
[EventDate "2016.11.19"]

1. d4 Nf6 2. c4 e6 3. Nc3 Bb4 4. e3 O-O 5. Bd3 d5 6. Nf3 c5 7. cxd5 exd5 8.
dxc5 Nbd7 9. Bd2 Nxc5 10. Be2 Ba5 11. O-O a6 12. Nxd5 Nxd5 13. Bxa5 Qxa5 14.
Qxd5 Be6 15. Qh5 Qb6 16. b3 Rfd8 17. Rfd1 h6 18. h3 Ne4 19. Qe5 Nf6 20. Rac1
Rxd1+ 21. Rxd1 Rc8 22. Qb2 Qc5 23. Nd4 Bd5 24. f3 Be6 25. Qd2 Nd5 26. Bc4 Bd7
27. Bxd5 Qxd5 28. Ne2 Qxd2 29. Rxd2 Rc7 30. Kf2 Kf8 31. Nf4 Bc6 32. Rd8+ Ke7
33. Rg8 Rd7 34. Ke1 g5 35. Ne2 Rd3 36. Nd4 Rxe3+ 37. Kd2 Re5 38. Rh8 Bd7 39.
Rxh6 Ra5 40. a4 b5 41. axb5 Ra2+ 42. Kc3 axb5 43. g4 Ra1 44. Kb4 Rd1 45. Nc6+
Bxc6 46. Rxc6 Rd4+ 47. Kxb5 Rd3 48. b4 Rxf3 49. Rh6 Kf8 50. Rh5 f6 51. Kc6 Kg7
52. b5 Rc3+ 53. Kd5 Rb3 54. Kc4 Rb1 55. Kc5 Rc1+ 56. Kd6 Rd1+ 57. Kc7 Rc1+ 58.
Kd7 Rd1+ 59. Kc7 Rc1+ 60. Kb7 Rc3 61. b6 Rc4 62. Ka6 Ra4+ 63. Kb5 Ra1 64. b7
Rb1+ 65. Kc6 Rc1+ 66. Kd7 Rb1 67. Kc7 Rc1+ 68. Kb8 Rc4 69. Ka7 Ra4+ 70. Kb6
Rb4+ 71. Kc6 Rc4+ 72. Kb5 Rc1 73. h4 Rb1+ 74. Kc6 Rc1+ 75. Kd7 Rb1 76. Kc7 Rc1+
77. Kb8 1-0

[Event "26th WSCC 2016 Open 65+"]
[Site "Marianske Lazne, Czech Republic - Hotel Cristal and Continental"]
[Date "2016.11.28"]
[Round "9.3"]
[White "Jansa, Vlastimil"]
[Black "Komljenovic, Davorin"]
[Result "1-0"]
[WhiteElo "2418"]
[BlackElo "2375"]
[PlyCount "103"]
[EventDate "2016.11.19"]

1. e4 c5 2. Nf3 Nc6 3. Bb5 g6 4. O-O Bg7 5. c3 Nf6 6. Re1 O-O 7. h3 e5 8. d3
Ne8 9. Be3 d6 10. d4 exd4 11. cxd4 Nc7 12. Bxc6 bxc6 13. Nc3 Ne6 14. Qd2 f5 15.
exf5 Rxf5 16. dxc5 Rxf3 17. gxf3 d5 18. Ne2 Qf6 19. f4 Ba6 20. Rad1 Qf5 21. Kh2
Rb8 22. b3 Bxe2 23. Qxe2 Rb4 24. Qg4 Kf7 25. Qxf5+ gxf5 26. Bd2 Rd4 27. Bc1 Rb4
28. Re2 Nd4 29. Re3 Bh6 30. Red3 Ne6 31. f3 a5 32. Bd2 Rb5 33. Kg3 Rxc5 34. Rc1
Rxc1 35. Bxc1 Ke7 36. Bd2 Kd6 37. Bxa5 Bxf4+ 38. Kf2 d4 39. Bd2 Ke5 40. Bxf4+
Nxf4 41. Rd1 Kd5 42. a4 Nxh3+ 43. Kg3 Ng5 44. a5 Ne6 45. a6 Nc7 46. a7 c5 47.
Rh1 d3 48. Rxh7 Na8 49. Rh8 Nb6 50. Rb8 d2 51. Rxb6 d1=Q 52. a8=Q+ 1-0

[Event "26th WSCC 2016 Open 65+"]
[Site "Marianske Lazne, Czech Republic - Hotel Cristal and Continental"]
[Date "2016.11.28"]
[Round "9.4"]
[White "Neckar, Lubomir"]
[Black "Maryasin, Boris"]
[Result "0-1"]
[WhiteElo "2319"]
[BlackElo "2331"]
[PlyCount "118"]
[EventDate "2016.11.19"]

1. Nf3 c5 2. g3 g6 3. Bg2 Bg7 4. c4 Nc6 5. Nc3 d6 6. O-O Nh6 7. d4 cxd4 8. Bxh6
Bxh6 9. Nxd4 Ne5 10. f4 Ng4 11. Qd3 Bg7 12. e3 O-O 13. h3 Nf6 14. Rad1 a6 15.
b3 Qa5 16. g4 e6 17. Rf2 Rd8 18. Rfd2 h5 19. g5 Ne8 20. Nde2 Rb8 21. Rb1 b5 22.
b4 Qb6 23. cxb5 axb5 24. a4 bxa4 25. Nxa4 Qa7 26. Nac3 e5 27. Kh2 exf4 28. Nd4
Bxd4 29. exd4 d5 30. Qf3 Bf5 31. Rbb2 Nd6 32. Nxd5 Nc4 33. Qxf4 Nxb2 34. Rxb2
Rb5 35. Nf6+ Kg7 36. d5 Qb8 37. d6 Rxd6 38. Ne8+ Qxe8 39. Qxd6 Qe3 40. Qg3 Qd4
41. Rb3 Be6 42. Qc3 Qxc3 43. Rxc3 Rxb4 44. Rc5 h4 45. Re5 Kf8 46. Kg1 Ke7 47.
Kh2 Kd6 48. Ra5 Rb2 49. Kh1 Rc2 50. Rb5 Rc5 51. Rb4 Bc4 52. Kg1 Ke5 53. Bf1 Kd5
54. Bxc4+ Rxc4 55. Rb5+ Ke4 56. Rb7 Kf3 57. Rb3+ Kf4 58. Rb7 Rc5 59. Rxf7+ Kg3
0-1

[Event "26th WSCC 2016 Open 65+"]
[Site "Marianske Lazne, Czech Republic - Hotel Cristal and Continental"]
[Date "2016.11.28"]
[Round "9.5"]
[White "Bogdanov, Valentin"]
[Black "Mishuchkov, Nikolai M"]
[Result "1/2-1/2"]
[WhiteElo "2385"]
[BlackElo "2319"]
[PlyCount "27"]
[EventDate "2016.11.19"]

1. d4 Nf6 2. c4 e6 3. Nf3 Bb4+ 4. Bd2 Bxd2+ 5. Qxd2 O-O 6. Nc3 d5 7. e3 Qe7 8.
Bd3 dxc4 9. Bxc4 c5 10. O-O Nc6 11. Rad1 Rd8 12. Qe2 Bd7 13. a3 Be8 14. Bd3
1/2-1/2

[Event "26th WSCC 2016 Open 65+"]
[Site "Marianske Lazne, Czech Republic - Hotel Cristal and Continental"]
[Date "2016.11.28"]
[Round "9.6"]
[White "Harandi, Khosro"]
[Black "Renman, Nils-Gustaf"]
[Result "1-0"]
[WhiteElo "2354"]
[BlackElo "2352"]
[PlyCount "143"]
[EventDate "2016.11.19"]

1. e4 e6 2. d4 d5 3. e5 c5 4. c3 Nc6 5. Nf3 Nge7 6. a3 cxd4 7. cxd4 Nf5 8. Nc3
Bd7 9. Be3 Rc8 10. Bd3 Nh4 11. O-O Nxf3+ 12. Qxf3 Na5 13. Ne2 Be7 14. Qh3 Nc4
15. Bc1 Qb6 16. Qg3 Bf8 17. b3 Na5 18. Rb1 Bb5 19. Bxb5+ Qxb5 20. Nf4 g6 21.
Qh3 Be7 22. Bd2 Nc6 23. a4 Qb6 24. Nxd5 Qxd4 25. Nxe7 Nxe7 26. Be3 Qxe5 27.
Bxa7 O-O 28. Rbd1 Rc3 29. Rd3 Rfc8 30. Rfd1 Rxd3 31. Qxd3 Nd5 32. Qb5 Qc7 33.
Bd4 Qc6 34. Qxc6 Rxc6 35. Kf1 h5 36. g3 Kf8 37. Rd2 Ke7 38. f4 Kd7 39. Ke2 Rc1
40. Bb2 Rc6 41. Bd4 Kc7 42. Kd1 Nb4 43. Be5+ Kc8 44. Rd4 Nd5 45. Rd3 Kd7 46.
Kd2 Ke7 47. Bb2 f6 48. Rd4 Ra6 49. Rc4 Kd7 50. Bd4 Ra8 51. Kc1 h4 52. gxh4 Rh8
53. Bf2 Rh5 54. Kd2 Rf5 55. Bg3 Ne7 56. Rd4+ Rd5 57. Kc3 Nf5 58. Rxd5+ exd5 59.
b4 Kc6 60. Bf2 Kc7 61. b5 b6 62. Kd3 Kb7 63. Bd4 Nxh4 64. Bxf6 Nf5 65. Be5 Kc8
66. Kc3 Kb7 67. Kd3 Kc8 68. Ke2 Kd7 69. Kf3 Kc8 70. Kg4 d4 71. Kf3 d3 72. Bc3
1-0

[Event "26th WSCC 2016 Open 65+"]
[Site "Marianske Lazne, Czech Republic - Hotel Cristal and Continental"]
[Date "2016.11.28"]
[Round "9.7"]
[White "Plachetka, Jan"]
[Black "Van Riemsdijk, Herman C"]
[Result "1/2-1/2"]
[WhiteElo "2348"]
[BlackElo "2309"]
[PlyCount "117"]
[EventDate "2016.11.19"]

1. e4 e5 2. Nf3 Nc6 3. Bb5 a6 4. Ba4 Nf6 5. O-O Be7 6. Re1 b5 7. Bb3 d6 8. c3
O-O 9. h3 Na5 10. Bc2 c5 11. d4 Qc7 12. Nbd2 cxd4 13. cxd4 Be6 14. Nf1 Rac8 15.
Ne3 Nc4 16. Nxc4 Bxc4 17. Bb1 Be6 18. Bd3 Bc4 19. Bxc4 Qxc4 20. Re2 Nd7 21. b3
Qc7 22. Bb2 Bf6 23. Rc1 Qb8 24. Rec2 exd4 25. Nxd4 Qa8 26. Nf5 Rxc2 27. Qxc2
Bxb2 28. Qxb2 Nf6 29. f3 Rd8 30. Qd4 Ne8 31. Qb6 Kf8 32. Kh2 Rc8 33. Rd1 Qc6
34. Qd4 Qc3 35. Nxd6 Qxd4 36. Rxd4 Rc2 37. a4 Nxd6 38. Rxd6 Rc3 39. Rxa6 Rxb3
40. axb5 Rxb5 41. g4 h5 42. Kg3 g6 43. Kh4 hxg4 44. hxg4 Kg7 45. Ra4 g5+ 46.
Kg3 f6 47. Ra7+ Kg6 48. Rd7 Rb2 49. Rd1 Ra2 50. Rf1 Rb2 51. Rf2 Rb1 52. Rd2 Ra1
53. Kf2 Ra3 54. Ke2 Rb3 55. Rd3 Rb4 56. Ke3 Ra4 57. Kd2 Kf7 58. Kc3 Ke6 59. Kd2
1/2-1/2

[Event "26th WSCC 2016 Open 65+"]
[Site "Marianske Lazne, Czech Republic - Hotel Cristal and Continental"]
[Date "2016.11.28"]
[Round "9.9"]
[White "Shvedchikov, Anatoli I"]
[Black "Kakageldyev, Amanmurad"]
[Result "1/2-1/2"]
[WhiteElo "2281"]
[BlackElo "2373"]
[PlyCount "45"]
[EventDate "2016.11.19"]

1. d4 g6 2. e4 Bg7 3. c4 d6 4. Nc3 Nf6 5. f3 O-O 6. Be3 c6 7. Qd2 a6 8. Bd3 b5
9. Nge2 Nbd7 10. O-O e5 11. cxb5 axb5 12. b4 Bb7 13. a4 bxa4 14. Rxa4 Rxa4 15.
Nxa4 Qe7 16. Rd1 Ra8 17. Nac3 d5 18. dxe5 Qxe5 19. Bd4 Qd6 20. exd5 Nxd5 21.
Bxg7 Kxg7 22. Nxd5 cxd5 23. Bb5 1/2-1/2

[Event "26th WSCC 2016 Open 65+"]
[Site "Marianske Lazne, Czech Republic - Hotel Cristal and Continental"]
[Date "2016.11.28"]
[Round "9.10"]
[White "Zhelnin, Vladimir V"]
[Black "Sorensen, Bent"]
[Result "1-0"]
[WhiteElo "2453"]
[BlackElo "2263"]
[PlyCount "37"]
[EventDate "2016.11.19"]

1. e4 e6 2. d4 d5 3. Nc3 Bb4 4. Nge2 dxe4 5. a3 Be7 6. Nxe4 Nf6 7. Qd3 O-O 8.
Be3 Nbd7 9. Ng5 e5 10. O-O-O exd4 11. Bxd4 Nc5 12. Qc4 b5 13. Qxb5 Ba6 14. Bxc5
Qc8 15. Qa5 Bxc5 16. Qxc5 Re8 17. Ng3 h6 18. Bxa6 Qxa6 19. Nf3 1-0

[Event "26th WSCC 2016 Open 65+"]
[Site "Marianske Lazne, Czech Republic - Hotel Cristal and Continental"]
[Date "2016.11.28"]
[Round "9.11"]
[White "Pribyl, Josef"]
[Black "Okhotnik, Vladimir"]
[Result "1/2-1/2"]
[WhiteElo "2252"]
[BlackElo "2434"]
[PlyCount "73"]
[EventDate "2016.11.19"]

1. e4 e5 2. Nf3 Nc6 3. Bb5 Nge7 4. O-O g6 5. c3 Bg7 6. d4 exd4 7. cxd4 a6 8.
Ba4 O-O 9. Nc3 d6 10. h3 b5 11. Bb3 Na5 12. Bc2 c5 13. dxc5 dxc5 14. Bg5 Qxd1
15. Raxd1 Ra7 16. Be3 Rc7 17. Bf4 Rb7 18. e5 Be6 19. b3 Rc7 20. Rd6 Nac6 21.
Rfd1 Nd4 22. Be4 Nef5 23. Bxf5 Nxf3+ 24. gxf3 Bxf5 25. Rxa6 Bxh3 26. Nd5 Rd7
27. Rc6 c4 28. bxc4 bxc4 29. Rxc4 g5 30. Bxg5 Bxe5 31. f4 Bg7 32. Ne7+ Kh8 33.
Rxd7 Bxd7 34. Rc7 Bg4 35. f5 h6 36. Rc4 Bxf5 37. Nxf5 1/2-1/2

[Event "26th WSCC 2016 Open 65+"]
[Site "Marianske Lazne, Czech Republic - Hotel Cristal and Continental"]
[Date "2016.11.28"]
[Round "9.12"]
[White "Babula, Milan"]
[Black "Birnboim, Nathan"]
[Result "1-0"]
[WhiteElo "2210"]
[BlackElo "2365"]
[PlyCount "119"]
[EventDate "2016.11.19"]

1. e4 c5 2. Nf3 e6 3. d4 cxd4 4. Nxd4 Nf6 5. Nc3 Nc6 6. Ndb5 d6 7. Bf4 e5 8.
Bg5 a6 9. Na3 b5 10. Nd5 Be7 11. Nxe7 Nxe7 12. Bxf6 gxf6 13. c4 Bb7 14. Bd3 f5
15. exf5 Bxg2 16. Rg1 Bc6 17. Qd2 Qb6 18. f6 Nc8 19. O-O-O Qd4 20. cxb5 axb5
21. Bxb5 Qc5+ 22. Qc2 Qxc2+ 23. Kxc2 Bxb5 24. Nxb5 Kd7 25. Kb3 Rb8 26. a4 Ke6
27. Ka3 Rd8 28. Rg7 Nb6 29. Rxh7 d5 30. b3 Rdc8 31. f4 exf4 32. Nd4+ Kxf6 33.
Rh6+ Kg5 34. Rh3 Rh8 35. Rg1+ Kf6 36. Rf3 Rh4 37. Rgf1 Kg5 38. Rg1+ Kf6 39.
Rgf1 Kg5 40. R1f2 Re8 41. a5 Nd7 42. Rc3 Rg4 43. Rc7 Ne5 44. a6 Rg1 45. a7 Ra1+
46. Ra2 Rxa2+ 47. Kxa2 f3 48. Re7 Ra8 49. Rxe5+ Kf4 50. Re7 f6 51. Rf7 f2 52.
Ne2+ Kf3 53. Ng3 Kg2 54. Kb2 Kxh2 55. Nf1+ Kg1 56. Nd2 f1=Q 57. Nxf1 Kxf1 58.
Rxf6+ Ke2 59. Rf7 Kd3 60. Rc7 1-0

[Event "26th WSCC 2016 Open 65+"]
[Site "Marianske Lazne, Czech Republic - Hotel Cristal and Continental"]
[Date "2016.11.28"]
[Round "9.13"]
[White "Karlik, Vladimir"]
[Black "Pritchett, Craig W"]
[Result "1/2-1/2"]
[WhiteElo "2217"]
[BlackElo "2338"]
[PlyCount "50"]
[EventDate "2016.11.19"]

1. d4 Nf6 2. Nf3 e6 3. Bf4 c5 4. e3 Nc6 5. c3 d5 6. Nbd2 Bd6 7. Bg3 O-O 8. Bd3
b6 9. Ne5 Bb7 10. O-O Qc7 11. f4 Ne7 12. Qf3 Nf5 13. Bf2 Be7 14. Ng4 Nxg4 15.
Qxg4 Nd6 16. Bh4 f5 17. Qh3 a5 18. Bxe7 Qxe7 19. Nf3 a4 20. a3 Ba6 21. Bxa6
Rxa6 22. Ne5 Ne4 23. g4 b5 24. dxc5 Nxc5 25. g5 g6 1/2-1/2

[Event "26th WSCC 2016 Open 65+"]
[Site "Marianske Lazne, Czech Republic - Hotel Cristal and Continental"]
[Date "2016.11.28"]
[Round "9.14"]
[White "Rooze, Jan"]
[Black "Gal, Moshe"]
[Result "1-0"]
[WhiteElo "2335"]
[BlackElo "2150"]
[PlyCount "101"]
[EventDate "2016.11.19"]

1. e4 c5 2. Nf3 g6 3. d4 cxd4 4. Qxd4 Nf6 5. Nc3 Nc6 6. Qa4 d6 7. e5 dxe5 8.
Nxe5 Qd4 9. Nxc6 Qxa4 10. Nxa4 bxc6 11. Bc4 Bg7 12. Be3 Nd5 13. Bc5 Be6 14. Bb3
O-O 15. O-O Bf6 16. Rfe1 Nf4 17. Be3 Bxb3 18. axb3 Ne6 19. c3 Rfd8 20. Red1
Rxd1+ 21. Rxd1 a6 22. Kf1 Kf8 23. Nb6 Rd8 24. Rxd8+ Nxd8 25. Nd7+ Ke8 26. Nb8
a5 27. Bb6 Be5 28. Bxd8 Bxb8 29. Bxa5 Kd7 30. c4 e5 31. Ke2 f5 32. Bd2 Bd6 33.
b4 Ke6 34. f3 Be7 35. Kd3 h5 36. b5 cxb5 37. cxb5 Kd5 38. Be3 Bd6 39. h3 Bb8
40. b6 Bd6 41. b4 Bb8 42. b5 f4 43. Bg1 g5 44. Bf2 Bd6 45. b7 Bb8 46. Bb6 g4
47. Bf2 gxh3 48. gxh3 Kd6 49. Ke4 Ke6 50. Bc5 Bc7 51. Ba7 1-0

[Event "26th WSCC 2016 Open 65+"]
[Site "Marianske Lazne, Czech Republic - Hotel Cristal and Continental"]
[Date "2016.11.28"]
[Round "9.15"]
[White "Khanukov, Boris"]
[Black "Malmdin, Nils-Ake"]
[Result "0-1"]
[WhiteElo "2320"]
[BlackElo "2182"]
[PlyCount "86"]
[EventDate "2016.11.19"]

1. Nf3 g6 2. c4 Bg7 3. Nc3 Nf6 4. e4 d6 5. d4 O-O 6. Be2 e5 7. O-O Nc6 8. d5
Ne7 9. Ne1 Nd7 10. Nd3 f5 11. Bd2 Nf6 12. f3 f4 13. c5 g5 14. Rc1 Ng6 15. cxd6
cxd6 16. Nb5 Qb6+ 17. Nf2 Rf7 18. a4 h5 19. a5 Qd8 20. Qc2 Ne8 21. Qb3 Bf8 22.
Rc4 a6 23. Na3 Nf6 24. Qb6 Qe8 25. h3 Nh4 26. Rfc1 g4 27. fxg4 hxg4 28. hxg4
Rg7 29. Rc7 Be7 30. Be1 Nxg2 31. Rxc8 Rxc8 32. Rxc8 Qxc8 33. Kxg2 Nxg4 34. Nxg4
Rxg4+ 35. Bxg4 Qxg4+ 36. Kf1 Bg5 37. Qf2 Kf7 38. Qg2 Qh5 39. Nc4 f3 40. Nxd6+
Kf8 41. Qg1 Qh3+ 42. Kf2 Bh4+ 43. Ke3 f2+ 0-1

[Event "26th WSCC 2016 Open 65+"]
[Site "Marianske Lazne, Czech Republic - Hotel Cristal and Continental"]
[Date "2016.11.28"]
[Round "9.16"]
[White "Kelleher, William"]
[Black "Harestad, Thor Geir"]
[Result "1-0"]
[WhiteElo "2292"]
[BlackElo "2211"]
[PlyCount "45"]
[EventDate "2016.11.19"]

1. e4 c5 2. Nf3 d6 3. c3 Nf6 4. h3 Nc6 5. Bd3 g6 6. O-O Bg7 7. Re1 O-O 8. Bc2
e5 9. Na3 Nh5 10. Bb3 Be6 11. d3 Qd7 12. Nc4 h6 13. Ne3 Nf4 14. Nd5 Bxd5 15.
exd5 Ne7 16. Bxf4 exf4 17. Qd2 g5 18. d4 b6 19. dxc5 bxc5 20. Bc2 Rfe8 21. Re4
Ng6 22. Ba4 Ne7 23. Bc2 1-0

[Event "26th WSCC 2016 Open 65+"]
[Site "Marianske Lazne, Czech Republic - Hotel Cristal and Continental"]
[Date "2016.11.28"]
[Round "9.17"]
[White "Zilbert, Oleg"]
[Black "Shevelev, Arkady"]
[Result "1/2-1/2"]
[WhiteElo "2208"]
[BlackElo "2283"]
[PlyCount "73"]
[EventDate "2016.11.19"]

1. e4 c6 2. d3 d5 3. Nd2 Qc7 4. Ngf3 Bg4 5. h3 Bh5 6. b3 e5 7. Bb2 Nd7 8. Be2
Ngf6 9. Nh4 Bg6 10. Bf3 dxe4 11. dxe4 Bc5 12. O-O O-O 13. a4 a5 14. Qe2 Rfe8
15. Nxg6 hxg6 16. g3 Bd4 17. c3 Bc5 18. Kg2 Nf8 19. h4 Ne6 20. Rh1 Rad8 21.
Rad1 Qb6 22. Bc1 Bf8 23. h5 g5 24. Bg4 Nc5 25. Bf5 Nd3 26. Nc4 Nxc1 27. Rxc1
Qxb3 28. Nxa5 Qxa4 29. Nxb7 Rb8 30. Ra1 Qb3 31. Na5 Qxc3 32. Rhc1 Qb2 33. Qe3
Bb4 34. Rcb1 Qd2 35. Nxc6 Qxe3 36. fxe3 Bc3 37. Rxb8 1/2-1/2

[Event "26th WSCC 2016 Open 65+"]
[Site "Marianske Lazne, Czech Republic - Hotel Cristal and Continental"]
[Date "2016.11.28"]
[Round "9.18"]
[White "Kierzek, Matthias"]
[Black "Lederman, Leon"]
[Result "1/2-1/2"]
[WhiteElo "2189"]
[BlackElo "2280"]
[PlyCount "66"]
[EventDate "2016.11.19"]

1. d4 Nf6 2. c4 c5 3. d5 e5 4. Nc3 d6 5. e4 Be7 6. Bd3 O-O 7. Nf3 Na6 8. h3 Nc7
9. Qe2 Rb8 10. a3 a6 11. b4 b6 12. O-O Nce8 13. Bd2 g6 14. bxc5 bxc5 15. Rfb1
Bd7 16. Rxb8 Qxb8 17. Rb1 Qc7 18. Qd1 Ng7 19. Qb3 Ra8 20. Qb7 Qxb7 21. Rxb7 Bd8
22. Bc2 Bc8 23. Rb1 Nd7 24. Nd1 Rb8 25. Rxb8 Nxb8 26. g4 f5 27. Nh2 fxg4 28.
hxg4 Nd7 29. Nb2 Nb6 30. a4 h5 31. f3 Nd7 32. Kg2 Kf7 33. a5 Nf6 1/2-1/2

[Event "26th WSCC 2016 Open 65+"]
[Site "Marianske Lazne, Czech Republic - Hotel Cristal and Continental"]
[Date "2016.11.28"]
[Round "9.19"]
[White "Frick, Christoph"]
[Black "Janda, Zdenek"]
[Result "1/2-1/2"]
[WhiteElo "2275"]
[BlackElo "2114"]
[PlyCount "106"]
[EventDate "2016.11.19"]

1. e4 g6 2. Nc3 Bg7 3. g3 d6 4. Bg2 e5 5. d3 Nc6 6. f4 Nge7 7. Nh3 O-O 8. O-O
f5 9. Be3 Nd4 10. Nd5 fxe4 11. Nxe7+ Qxe7 12. dxe4 Nc6 13. Qd3 exf4 14. gxf4
Kh8 15. Rae1 Be6 16. a3 a6 17. b3 Rae8 18. Kh1 Bxh3 19. Bxh3 Qxe4+ 20. Qxe4
Rxe4 21. Bg2 Re7 22. Bd2 Rfe8 23. Rxe7 Rxe7 24. Bf3 Bf6 25. Kg2 Kg7 26. Kg3 Kf8
27. a4 Ke8 28. Re1 Rxe1 29. Bxe1 Ke7 30. Bd2 Nd8 31. Kg4 c6 32. f5 Nf7 33. Be2
Ne5+ 34. Kf4 Bg7 35. Bc3 Kf7 36. h3 Bh6+ 37. Ke4 Nd7 38. fxg6+ hxg6 39. Bg4 Ke7
40. Kf3 b5 41. axb5 axb5 42. Ke2 Bf4 43. Bf3 d5 44. Bg4 c5 45. Kf3 Bc1 46. Bg7
b4 47. Ke2 Bg5 48. Kd3 Nb6 49. Be5 Bf6 50. Bg3 c4+ 51. Ke2 Nd7 52. Bf3 Ke6 53.
Bg4+ Ke7 1/2-1/2

[Event "26th WSCC 2016 Open 65+"]
[Site "Marianske Lazne, Czech Republic - Hotel Cristal and Continental"]
[Date "2016.11.28"]
[Round "9.20"]
[White "Batakovs, Olegs"]
[Black "Giffard, Nicolas"]
[Result "1-0"]
[WhiteElo "2034"]
[BlackElo "2313"]
[PlyCount "113"]
[EventDate "2016.11.19"]

1. e4 c5 2. Nf3 e6 3. d4 cxd4 4. Nxd4 Nf6 5. Nc3 d6 6. Be2 Be7 7. O-O O-O 8.
Be3 Nc6 9. f4 e5 10. Nxc6 bxc6 11. fxe5 dxe5 12. Qxd8 Rxd8 13. h3 Be6 14. Rfd1
Rdb8 15. Rab1 Bb4 16. Bd3 Nh5 17. a3 Bxc3 18. bxc3 a5 19. Bc5 f6 20. Bf1 Ng3
21. Bd3 h5 22. Kh2 h4 23. Bf2 Ba2 24. Rxb8+ Rxb8 25. c4 f5 26. Bxg3 hxg3+ 27.
Kxg3 f4+ 28. Kg4 g6 29. Kg5 Kf7 30. g3 fxg3 31. Rg1 Rd8 32. Rxg3 Rd4 33. Rf3+
Kg7 34. Rf6 Bxc4 35. Rxg6+ Kh7 36. Rxc6 Bxd3 37. cxd3 Rxd3 38. Rc7+ Kg8 39. a4
Rd4 40. Kg6 Kf8 41. Kf6 Ke8 42. Re7+ Kd8 43. Rxe5 Rxa4 44. h4 Ra1 45. h5 a4 46.
h6 Rh1 47. Kg6 a3 48. h7 a2 49. Ra5 Rg1+ 50. Kf6 Rf1+ 51. Ke6 Rh1 52. Rxa2 Kc7
53. Ra7+ Kc6 54. Kf6 Kd6 55. Kg7 Rg1+ 56. Kf8 Rf1+ 57. Kg8 1-0

[Event "26th WSCC 2016 Open 65+"]
[Site "Marianske Lazne, Czech Republic - Hotel Cristal and Continental"]
[Date "2016.11.28"]
[Round "9.22"]
[White "Gutkin, Boris"]
[Black "Kjolberg, Lars"]
[Result "1-0"]
[WhiteElo "2275"]
[BlackElo "2140"]
[PlyCount "49"]
[EventDate "2016.11.19"]

1. d4 Nf6 2. Nf3 g6 3. c4 Bg7 4. g3 O-O 5. Bg2 d6 6. O-O Nc6 7. Nc3 a6 8. d5
Na5 9. Nd2 c5 10. Qc2 Rb8 11. b3 b5 12. Bb2 e5 13. Rab1 Bh6 14. e3 bxc4 15.
bxc4 Bf5 16. Nce4 Nxe4 17. Bxe4 Bh3 18. Bg2 Bf5 19. Be4 Bh3 20. Rfe1 Qc7 21.
Bc3 Bd7 22. Rb2 Rxb2 23. Qxb2 Ra8 24. Rb1 Bg5 25. Qb6 1-0

[Event "26th WSCC 2016 Open 65+"]
[Site "Marianske Lazne, Czech Republic - Hotel Cristal and Continental"]
[Date "2016.11.28"]
[Round "9.23"]
[White "Agzamov, Valeriy"]
[Black "Vikulov, Alexander"]
[Result "1/2-1/2"]
[WhiteElo "2137"]
[BlackElo "2275"]
[PlyCount "22"]
[EventDate "2016.11.19"]

1. e4 d6 2. d4 Nf6 3. Nc3 g6 4. f3 Bg7 5. Be3 O-O 6. Qd2 Nbd7 7. O-O-O a6 8. g4
b5 9. Nge2 Nb6 10. Ng3 d5 11. e5 Ne8 1/2-1/2

[Event "26th WSCC 2016 Open 65+"]
[Site "Marianske Lazne, Czech Republic - Hotel Cristal and Continental"]
[Date "2016.11.28"]
[Round "9.24"]
[White "Giulian, Philip M"]
[Black "Gruzmann, Boris"]
[Result "1/2-1/2"]
[WhiteElo "2133"]
[BlackElo "2268"]
[PlyCount "69"]
[EventDate "2016.11.19"]

1. d4 Nf6 2. c4 g6 3. Nc3 Bg7 4. e4 d6 5. f3 Nc6 6. Nge2 a6 7. Be3 Rb8 8. Rc1
Bd7 9. b3 O-O 10. Qd2 b5 11. cxb5 axb5 12. d5 b4 13. dxc6 bxc3 14. Rxc3 Bc8 15.
Rc1 Ba6 16. Nc3 Bxf1 17. Rxf1 e6 18. Kf2 Qc8 19. Qe2 Rb4 20. Kg1 Qa8 21. Nb5
Qa5 22. Nc3 Rfb8 23. Rfd1 Ne8 24. Qd2 f5 25. Kh1 Bxc3 26. Rxc3 fxe4 27. Bd4 Qd5
28. fxe4 Qxe4 29. Re3 Qd5 30. Bc3 Qxd2 31. Rxd2 R4b6 32. Rxe6 Rxc6 33. Bb2 Ng7
34. Re1 Re8 35. Rxe8+ 1/2-1/2

[Event "26th WSCC 2016 Open 65+"]
[Site "Marianske Lazne, Czech Republic - Hotel Cristal and Continental"]
[Date "2016.11.28"]
[Round "9.25"]
[White "Gundersen, Helge"]
[Black "Ruckschloss, Karol"]
[Result "1-0"]
[WhiteElo "2120"]
[BlackElo "2255"]
[PlyCount "97"]
[EventDate "2016.11.19"]

1. f4 d5 2. Nf3 Nf6 3. e3 g6 4. Be2 Bg7 5. O-O O-O 6. d3 c5 7. Nc3 Nc6 8. e4 d4
9. Nb1 Qc7 10. a4 a6 11. Na3 Rb8 12. Nc4 b5 13. axb5 axb5 14. Nce5 Nxe5 15.
Nxe5 Ne8 16. Qe1 Nd6 17. Bd2 f6 18. Ng4 c4 19. f5 gxf5 20. Nh6+ Kh8 21. Nxf5
Nxf5 22. exf5 Rb7 23. Qh4 Qc5 24. Bh5 Bxf5 25. Rxf5 Qxf5 26. Rf1 Qd5 27. Bg6
Qg8 28. Rf5 Bh6 29. Bxh7 Bg5 30. Bxg5 Qxh7 31. Bxf6+ exf6 32. Rh5 cxd3 33. cxd3
Qxh5 34. Qxh5+ Kg8 35. Qd5+ Rff7 36. Kf2 Kg7 37. Qxd4 Rbc7 38. Qg4+ Kf8 39.
Qb4+ Rfe7 40. Kf3 Rc2 41. h4 Rce2 42. Qxb5 Kg7 43. Qc5 Kf7 44. b4 Rb2 45. d4
Rb3+ 46. Kf4 Rb2 47. d5 Rxg2 48. d6 Ree2 49. d7 1-0